[Event "Berlin Unicorn op"]
[Site "Berlin"]
[Date "2008.05.03"]
[Round "5"]
[White "Zoellner, Rainer"]
[Black "Schrodt, Sebastian"]
[Result "1-0"]
[WhiteElo "1901"]
[BlackElo "2088"]
[PlyCount "37"]
[EventDate "2008.04.30"]
[EventType "swiss"]
[EventRounds "7"]
[EventCountry "GER"]
[SourceTitle "CBM 124 Extra"]
[Source "ChessBase"]
[SourceDate "2008.07.03"]
[SourceVersion "1"]
[SourceVersionDate "2008.07.03"]
[SourceQuality "1"]

1. e4 e5 2. f4 exf4 3. Nf3 g5 4. h4 g4 5. Ne5 Nf6 6. Bc4 d5 7. exd5 Nxd5 8. Nc3 Nxc3 9. Bxf7+ Ke7 10. bxc3 Qd6 11. d4 Bh6 12. Qe2 Kf8 13. 0-0 Qf6 14. Bxf4 Bxf4 15. Rxf4 Qxf4 16. Rf1 Qxf1+ 17. Qxf1 Ke7 18. Qc4 Na6 19. Bg8 1-0

[Event "Berlin Unicorn op"]
[Site "Berlin"]
[Date "2008.05.01"]
[Round "2"]
[White "Anibar, Ahmed"]
[Black "Zoellner, Rainer"]
[Result "1-0"]
[WhiteElo "2208"]
[BlackElo "1901"]
[PlyCount "71"]
[EventDate "2008.04.30"]
[EventType "swiss"]
[EventRounds "7"]
[EventCountry "GER"]
[SourceTitle "CBM 124 Extra"]
[Source "ChessBase"]
[SourceDate "2008.07.03"]
[SourceVersion "1"]
[SourceVersionDate "2008.07.03"]
[SourceQuality "1"]

1. e4 e6 2. d4 d5 3. e5 c5 4. c3 Nc6 5. Nf3 Bd7 6. Be2 f6 7. 0-0 Qb6 8. a3 fxe5 9. dxe5 Nge7 10. Bd3 g6 11. c4 Bg7 12. Nc3 Nxe5 13. Nxe5 Bxe5 14. Qe2 Bxc3 15. bxc3 0-0 16. Bg5 Nf5 17. h4 Rae8 18. h5 d4 19. g4 gxh5 20. gxf5 exf5 21. Qxh5 Re6 22. Bf4 Rg6+ 23. Kh2 Qf6 24. Rg1 dxc3 25. Rxg6+ hxg6 26. Rg1 Kf7 27. Qh7+ Qg7 28. Qxg7+ Kxg7 29. Be5+ Kh6 30. Bxc3 g5 31. f4 g4 32. Re1 Rf7 33. Re5 Kg6 34. Rd5 Rh7+ 35. Kg2 Be6 36. Rd6 1-0

[Event "Berlin Unicorn op"]
[Site "Berlin"]
[Date "2007.05.16"]
[Round "1"]
[White "Zoellner, Rainer"]
[Black "Bukowski, Henryk"]
[Result "0-1"]
[WhiteElo "1919"]
[BlackElo "2131"]
[PlyCount "208"]
[EventDate "2007.05.16"]
[EventType "swiss"]
[EventRounds "7"]
[EventCountry "GER"]
[SourceTitle "CBM 118 Extra"]
[Source "ChessBase"]
[SourceDate "2007.07.04"]
[SourceVersion "1"]
[SourceVersionDate "2007.07.04"]
[SourceQuality "1"]

1. e4 e6 2. d4 d5 3. e5 c5 4. c3 Nc6 5. Nf3 Qb6 6. a3 Bd7 7. b4 cxd4 8. cxd4 Rc8 9. Be2 Nge7 10. Bb2 Nf5 11. g4 Nh6 12. h3 g6 13. 0-0 Bg7 14. Nc3 0-0 15. Na4 Qd8 16. Nc5 b6 17. Nb7 Qc7 18. Nd6 Rcd8 19. Rc1 Qb8 20. Ba6 f5 21. g5 Nf7 22. Nb5 h6 23. h4 Ne7 24. Qd2 Bc8 25. Bxc8 Rxc8 26. Rxc8 Rxc8 27. Rc1 a6 28. Nc3 b5 29. Ne2 Rc4 30. Nf4 Qc8 31. Nd3 hxg5 32. hxg5 Nd8 33. Nc5 Qc6 34. Qe3 Nb7 35. Nxb7 Qxb7 36. Nd2 Rxc1+ 37. Bxc1 Qc6 38. Nb3 Qc2 39. Nc5 Qd1+ 40. Kg2 Kf7 41. Nxa6 Qg4+ 42. Kf1 Qd1+ 43. Kg2 Nc6 44. Bb2 Qg4+ 45. Kf1 f4 46. Qc3 Ne7 47. Qd3 f3 48. Bc1 Qg2+ 49. Ke1 Qg1+ 50. Qf1 Qg4 51. Be3 Nf5 52. Qd3 Qg1+ 53. Qf1 Qg4 54. Qd3 Bf8 55. Nc7 Be7 56. Qxb5 Ng7 57. Qd7 Qe4 58. Kd2 Qb1 59. Qa4 Qa2+ 60. Kc1 Qa1+ 61. Kc2 Qa2+ 62. Kc1 Qe2 63. Qd1 Qa2 64. Qxf3+ Nf5 65. Bd2 Qa1+ 66. Kc2 Qxd4 67. Qe2 Qb6 68. Nb5 Qxb5 69. Qxb5 Nd4+ 70. Kd3 Nxb5 71. a4 Nc7 72. b5 Ke8 73. Ba5 Kd7 74. f4 Bc5 75. Bc3 Na8 76. a5 Nc7 77. b6 Na6 78. Bd2 Kc6 79. Kc2 d4 80. Kb3 Kb5 81. Be1 Be7 82. Bd2 Nc5+ 83. Kc2 Na6 84. Kb3 Nb8 85. Be1 Nc6 86. Bd2 Bd8 87. Be1 Be7 88. Bd2 Bc5 89. Be1 d3 90. Bd2 Bd4 91. Ka3 Nb8 92. Kb3 Na6 93. Ka3 Nc5 94. Ka2 Ka6 95. Kb1 Ne4 96. Kc1 Bc5 97. Kd1 Nxd2 98. Kxd2 Bb4+ 99. Kxd3 Bxa5 100. Kc4 Bxb6 101. f5 exf5 102. Kd5 Kb7 103. Ke6 f4 104. Kf7 f3 0-1

[Event "Berlin Hellersdorf Winter 4th"]
[Site "Berlin"]
[Date "2007.03.03"]
[Round "2"]
[White "Lueders, Gerhard"]
[Black "Zoellner, Rainer"]
[Result "1-0"]
[WhiteElo "2259"]
[BlackElo "1918"]
[PlyCount "89"]
[EventDate "2007.03.02"]
[EventType "swiss"]
[EventRounds "5"]
[EventCountry "GER"]
[SourceTitle "EXT 2022"]
[Source "ChessBase"]
[SourceDate "2021.10.06"]
[SourceVersion "1"]
[SourceVersionDate "2021.10.06"]
[SourceQuality "1"]

1. d4 e6 2. Nf3 Nf6 3. c4 b6 4. g3 Bb7 5. Bg2 d5 6. Nc3 c5 7. cxd5 exd5 8. 0-0 Be7 9. Qa4+ Qd7 10. dxc5 Qxa4 11. Nxa4 bxc5 12. Bg5 Nbd7 13. Rac1 Rc8 14. Bh3 Rc6 15. Rfd1 Ra6 16. Bxf6 gxf6 17. Bxd7+ Kxd7 18. Nxc5+ Bxc5 19. Rxc5 Rxa2 20. Rb5 Bc6 21. Rb3 Re8 22. Nd4 Ba4 23. Rb7+ Kc8 24. Rxa7 Bxd1 25. Rxa2 Kb7 26. b3 Rc8 27. Ra1 Bc2 28. Rc1 Bf5 29. Rxc8 Bxc8 30. Kg2 Kb6 31. b4 Bd7 32. Kf3 Kc7 33. g4 Kd6 34. Kf4 Bc8 35. h3 Bd7 36. Ke3 Bc8 37. f4 Bd7 38. Kf2 Bc8 39. Kg3 Ba6 40. Kh4 Bc4 41. Kh5 Ba2 42. Kh6 Bb1 43. Kg7 Ke7 44. h4 Be4 45. b5 1-0

[Event "Berlin op 09"]
[Site "Berlin"]
[Date "2006.10.02"]
[Round "3"]
[White "Zoellner, Rainer"]
[Black "Neerforth, Philipp"]
[Result "1/2-1/2"]
[WhiteElo "1884"]
[BlackElo "2184"]
[PlyCount "97"]
[EventDate "2006.09.30"]
[EventType "swiss"]
[EventRounds "9"]
[EventCountry "GER"]
[SourceTitle "EXT 2007"]
[Source "ChessBase"]
[SourceDate "2006.11.23"]
[SourceVersion "1"]
[SourceVersionDate "2006.11.23"]
[SourceQuality "1"]

1. e4 c5 2. Nc3 Nc6 3. f4 g6 4. Nf3 Bg7 5. Bc4 e6 6. f5 Nge7 7. fxe6 fxe6 8. 0-0 0-0 9. a3 d5 10. Ba2 c4 11. d3 Bxc3 12. bxc3 dxe4 13. dxe4 Qxd1 14. Rxd1 b5 15. Nd4 Nxd4 16. cxd4 Bb7 17. Re1 Nc6 18. c3 Na5 19. Rb1 Bc6 20. Bh6 Rf7 21. Rb2 Rb8 22. Bb1 Nb7 23. Rf2 Rxf2 24. Kxf2 Nd6 25. Ke3 Nf7 26. Bf4 Rb6 27. Kf2 Ra6 28. Bc1 Kg7 29. Bc2 Nd6 30. g4 h6 31. Ke3 Ne8 32. Rf1 Nf6 33. h3 Rb6 34. Kf4 Nd7 35. Re1 Rb8 36. Kg3 Rf8 37. h4 Rf7 38. Bf4 Nb6 39. Rf1 Kg8 40. Rf2 Na4 41. Bd2 g5 42. Rxf7 Kxf7 43. hxg5 hxg5 44. e5 Nb2 45. Bxg5 Nd3 46. Bxd3 cxd3 47. Bd2 Kg6 48. Kf4 Bd5 49. Be3 1/2-1/2

[Event "Berlin op 09"]
[Site "Berlin"]
[Date "2006.10.01"]
[Round "2"]
[White "Issel, Oliver"]
[Black "Zoellner, Rainer"]
[Result "0-1"]
[WhiteElo "2145"]
[BlackElo "1884"]
[PlyCount "64"]
[EventDate "2006.09.30"]
[EventType "swiss"]
[EventRounds "9"]
[EventCountry "GER"]
[SourceTitle "EXT 2007"]
[Source "ChessBase"]
[SourceDate "2006.11.23"]
[SourceVersion "1"]
[SourceVersionDate "2006.11.23"]
[SourceQuality "1"]

1. Nf3 e6 2. g3 d5 3. Bg2 Nf6 4. 0-0 c5 5. d3 Nc6 6. Nbd2 Be7 7. e4 0-0 8. e5 Nd7 9. Re1 Qc7 10. Qe2 f6 11. exf6 Nxf6 12. Bh3 Nd8 13. Ng5 e5 14. Bxc8 Rxc8 15. Qxe5 Qxe5 16. Rxe5 Nc6 17. Re1 Ng4 18. Ngf3 Bf6 19. c3 b5 20. Kg2 b4 21. Nb1 Nge5 22. Nxe5 Nxe5 23. Rd1 a5 24. a3 Rf7 25. axb4 axb4 26. Ra5 Rb7 27. Bf4 Nd7 28. Rc1 g5 29. Be3 Bd8 30. Ra6 Ne5 31. d4 Nd3 32. Rc2 Ne1+ 0-1

[Event "Berlin op 08"]
[Site "Berlin"]
[Date "2006.08.22"]
[Round "4"]
[White "Gebert Vangeel, Ralf"]
[Black "Zoellner, Rainer"]
[Result "1-0"]
[WhiteElo "1867"]
[BlackElo "1770"]
[PlyCount "93"]
[EventDate "2006.08.19"]
[EventType "swiss"]
[EventRounds "9"]
[EventCountry "GER"]
[SourceTitle "EXT 2007"]
[Source "ChessBase"]
[SourceDate "2006.11.23"]
[SourceVersion "1"]
[SourceVersionDate "2006.11.23"]
[SourceQuality "1"]

1. e4 e6 2. d4 d5 3. e5 c5 4. c3 Nc6 5. Nf3 Bd7 6. a3 f6 7. Bd3 Qc7 8. 0-0 0-0-0 9. Bf4 Qb6 10. Qc2 c4 11. Be2 g5 12. Be3 g4 13. Nfd2 f5 14. b4 Nge7 15. a4 Ng6 16. a5 Qc7 17. f4 gxf3 18. Rxf3 Be7 19. Na3 Rdg8 20. Nb5 Qb8 21. a6 b6 22. Bxc4 dxc4 23. Nxc4 Ncxe5 24. Nxa7+ Qxa7 25. dxe5 Nh4 26. Rf2 Bc6 27. Nxb6+ Kd8 28. Qd3+ Ke8 29. g3 Nf3+ 30. Kf1 Nxe5 31. Qd4 Ng4 32. Ke2 Kf7 33. Rxf5+ exf5 34. Qc4+ Kf8 35. Bd4 Qc7 36. a7 Bd8 37. a8Q Qe7+ 38. Kd2 Qg5+ 39. Ke2 Qe7+ 40. Kd2 Qg5+ 41. Kc2 Bxa8 42. Rxa8 Qe7 43. Bc5 Ne3+ 44. Bxe3 Qxe3 45. Rxd8+ Kg7 46. Rd7+ Kg6 47. Rd6+ 1-0

[Event "Berlin op 08"]
[Site "Berlin"]
[Date "2006.08.21"]
[Round "3"]
[White "Zoellner, Rainer"]
[Black "Diehl, Klaus"]
[Result "1-0"]
[WhiteElo "1770"]
[BlackElo "2020"]
[PlyCount "29"]
[EventDate "2006.08.19"]
[EventType "swiss"]
[EventRounds "9"]
[EventCountry "GER"]
[SourceTitle "EXT 2007"]
[Source "ChessBase"]
[SourceDate "2006.11.23"]
[SourceVersion "1"]
[SourceVersionDate "2006.11.23"]
[SourceQuality "1"]

1. e4 d6 2. d4 Nf6 3. Nc3 Nbd7 4. f4 e5 5. Nf3 exd4 6. Qxd4 c6 7. Be2 d5 8. exd5 Bc5 9. Qd3 0-0 10. dxc6 bxc6 11. Bd2 a5 12. 0-0-0 Re8 13. Ne5 Qc7 14. Bf3 Nxe5 15. fxe5 1-0

[Event "Berlin op 08"]
[Site "Berlin"]
[Date "2006.08.20"]
[Round "2"]
[White "Ruehrmund, Daniel"]
[Black "Zoellner, Rainer"]
[Result "0-1"]
[WhiteElo "1432"]
[BlackElo "1770"]
[PlyCount "60"]
[EventDate "2006.08.19"]
[EventType "swiss"]
[EventRounds "9"]
[EventCountry "GER"]
[SourceTitle "EXT 2007"]
[Source "ChessBase"]
[SourceDate "2006.11.23"]
[SourceVersion "1"]
[SourceVersionDate "2006.11.23"]
[SourceQuality "1"]

1. e4 e6 2. d4 d5 3. exd5 exd5 4. Bd3 Nf6 5. Bf4 Bd6 6. Bxd6 Qxd6 7. c3 0-0 8. Nf3 Re8+ 9. Ne5 Ng4 10. 0-0 Nxe5 11. Re1 Nbc6 12. f4 Bg4 13. Be2 Bxe2 14. Qxe2 Nf3+ 15. gxf3 Rxe2 16. Rxe2 Qxf4 17. Kg2 Kf8 18. Na3 Ne7 19. h3 Nf5 20. Kg1 Qxf3 21. Rf2 Qg3+ 22. Rg2 Qe3+ 23. Kh2 Nh4 24. Rg4 Qf2+ 25. Kh1 Nf3 26. Rg2 Qh4 27. Rh2 Nxh2 28. Kxh2 Qf2+ 29. Kh1 Re8 30. Nb5 Re2 0-1

[Event "Berlin Lichtenberger op 5th"]
[Site "Berlin"]
[Date "2006.08.19"]
[Round "1"]
[White "Zoellner, Rainer"]
[Black "Federau, Juergen"]
[Result "0-1"]
[WhiteElo "1884"]
[BlackElo "2225"]
[PlyCount "92"]
[EventDate "2006.08.19"]
[EventType "swiss"]
[EventRounds "9"]
[EventCountry "GER"]
[SourceTitle "CBM 113 Extra"]
[Source "ChessBase"]
[SourceDate "2006.09.14"]
[SourceVersion "1"]
[SourceVersionDate "2006.09.14"]
[SourceQuality "1"]

1. e4 g6 2. d4 Bg7 3. f4 d6 4. Nf3 e6 5. Nc3 Ne7 6. Be3 Nd7 7. Bc4 c6 8. Bb3 d5 9. Qd2 Qa5 10. 0-0 dxe4 11. Nxe4 Qxd2 12. Nd6+ Kf8 13. Bxd2 Nf5 14. Nxf5 gxf5 15. Bb4+ Kg8 16. c3 Nf6 17. Rae1 Bf8 18. Bxf8 Kxf8 19. Ne5 h5 20. Re3 Bd7 21. c4 Rd8 22. Rd1 Bc8 23. Red3 Kg7 24. Rg3+ Kf8 25. Rgd3 Rg8 26. d5 exd5 27. cxd5 cxd5 28. Bxd5 Nxd5 29. Rxd5 Rxd5 30. Rxd5 Ke7 31. Nf3 Be6 32. Ra5 a6 33. Nd4 Kf6 34. Kf2 Rc8 35. Kg3 Rc4 36. Nxe6 Kxe6 37. Ra3 Rc2 38. Rb3 b5 39. Kf3 Rd2 40. h3 Rc2 41. g3 Ke7 42. Ke3 Kd6 43. Kd3 Rh2 44. h4 Kd5 45. Kc3 Kc5 46. a3 Rg2 0-1

[Event "Berlin op 07"]
[Site "Berlin"]
[Date "2006.07.12"]
[Round "5"]
[White "Zoellner, Rainer"]
[Black "Albinus, Guenter"]
[Result "1-0"]
[WhiteElo "1884"]
[BlackElo "2093"]
[PlyCount "59"]
[EventDate "2006.07.08"]
[EventType "swiss"]
[EventRounds "9"]
[EventCountry "GER"]
[SourceTitle "CBM 113 Extra"]
[Source "ChessBase"]
[SourceDate "2006.09.14"]
[SourceVersion "1"]
[SourceVersionDate "2006.09.14"]
[SourceQuality "1"]

1. e4 e5 2. f4 exf4 3. Nf3 g5 4. h4 g4 5. Ne5 h5 6. Bc4 Rh7 7. d4 d6 8. Nd3 Be7 9. Bxf4 Bxh4+ 10. g3 Bg5 11. Nc3 c6 12. Qd2 Bxf4 13. Nxf4 Qg5 14. 0-0-0 Kd7 15. d5 c5 16. Bb5+ Ke7 17. e5 Bf5 18. Rde1 Nd7 19. exd6+ Kxd6 20. Bxd7 Kxd7 21. Qe3 b6 22. Ne4 Qe7 23. Qe2 a6 24. Qc4 Bxe4 25. Rxe4 Qg5 26. Rhe1 f6 27. Re6 Re7 28. d6 Rg7 29. Qd5 Rb8 30. R6e5 1-0

[Event "Berlin op 05"]
[Site "Berlin"]
[Date "2006.05.27"]
[Round "6"]
[White "Nietsch, Horst"]
[Black "Zoellner, Rainer"]
[Result "0-1"]
[WhiteElo "1887"]
[BlackElo "1775"]
[PlyCount "65"]
[EventDate "2006.05.24"]
[EventType "swiss"]
[EventRounds "7"]
[EventCountry "GER"]
[SourceTitle "EXT 2007"]
[Source "ChessBase"]
[SourceDate "2006.11.23"]
[SourceVersion "1"]
[SourceVersionDate "2006.11.23"]
[SourceQuality "1"]

1. Nf3 e6 2. g3 d5 3. Bg2 c5 4. 0-0 Nc6 5. d4 Nf6 6. c3 b6 7. Re1 Be7 8. Nbd2 0-0 9. e3 Qc7 10. b3 cxd4 11. exd4 Ba6 12. Bb2 Rac8 13. Rc1 Rfd8 14. Ne5 Nxe5 15. dxe5 Nd7 16. c4 dxc4 17. Qg4 Bb4 18. Ne4 Bxe1 19. Rxe1 cxb3 20. Nf6+ Kh8 21. Nh5 g6 22. Nf6 Nxf6 23. exf6 Qc2 24. Be5 b2 25. Be4 Bd3 26. Bxd3 Rxd3 27. Qxe6 Kg8 28. Qh3 b1Q 29. Rxb1 Qxb1+ 30. Kg2 Qc1 31. Bf4 Qc6+ 32. Kf1 Qh1+ 33. Ke2 0-1

[Event "Berlin op 05"]
[Site "Berlin"]
[Date "2006.05.25"]
[Round "2"]
[White "Zoellner, Rainer"]
[Black "Muschik, Xaver"]
[Result "1-0"]
[WhiteElo "1775"]
[BlackElo "1326"]
[PlyCount "109"]
[EventDate "2006.05.24"]
[EventType "swiss"]
[EventRounds "7"]
[EventCountry "GER"]
[SourceTitle "EXT 2007"]
[Source "ChessBase"]
[SourceDate "2006.11.23"]
[SourceVersion "1"]
[SourceVersionDate "2006.11.23"]
[SourceQuality "1"]

1. e4 c5 2. Nc3 d6 3. f4 Nc6 4. Nf3 Bg4 5. h3 Bxf3 6. Qxf3 e6 7. Bb5 Nge7 8. 0-0 a6 9. Bxc6+ Nxc6 10. d3 Nd4 11. Qf2 Be7 12. Be3 Nc6 13. f5 Bf6 14. fxe6 fxe6 15. Qd2 0-0 16. Nd1 Bd4 17. c3 Rxf1+ 18. Kxf1 Qf6+ 19. Kg1 Be5 20. Nf2 Qg6 21. Ng4 Rf8 22. Rf1 Rxf1+ 23. Kxf1 Bg3 24. Bf2 Qf7 25. Ke1 Bxf2+ 26. Qxf2 h5 27. Qxf7+ Kxf7 28. Nf2 d5 29. Kf1 b5 30. Ke2 d4 31. Nh1 e5 32. Ng3 g6 33. Kd2 Kf6 34. Ne2 Ke6 35. h4 b4 36. Kc2 bxc3 37. bxc3 Na5 38. Kb2 c4 39. cxd4 cxd3 40. d5+ Kd6 41. Nc3 Nc4+ 42. Kc1 d2+ 43. Kd1 Ne3+ 44. Kxd2 Nxg2 45. Nd1 Nxh4 46. Ne3 Kc5 47. Kd3 g5 48. Nc4 Ng6 49. Nd2 Nf4+ 50. Ke3 g4 51. Nb3+ Kd6 52. Nd2 h4 53. Nc4+ Kc5 54. Nxe5 g3 55. Kxf4 1-0

[Event "Berlin op 10"]
[Site "Berlin"]
[Date "2005.11.03"]
[Round "4"]
[White "Zoellner, Rainer"]
[Black "Steppan, Siegfried"]
[Result "1/2-1/2"]
[WhiteElo "1840"]
[BlackElo "1446"]
[PlyCount "66"]
[EventDate "2005.10.13"]
[EventType "swiss"]
[EventRounds "7"]
[EventCountry "GER"]
[SourceTitle "EXT 2007"]
[Source "ChessBase"]
[SourceDate "2006.11.23"]
[SourceVersion "1"]
[SourceVersionDate "2006.11.23"]
[SourceQuality "1"]

1. b4 e6 2. Bb2 Nf6 3. b5 Be7 4. e3 0-0 5. Nf3 d6 6. Be2 Nbd7 7. 0-0 c6 8. a4 a5 9. c4 c5 10. d4 b6 11. Nc3 Bb7 12. Qd3 d5 13. Nd2 e5 14. Nxd5 Nxd5 15. cxd5 exd4 16. exd4 Bxd5 17. Bf3 Bxf3 18. Qxf3 cxd4 19. Bxd4 Nf6 20. Nb3 Ra7 21. Rfd1 Qb8 22. Rac1 Re8 23. Rc6 Nd7 24. g3 Bb4 25. Be3 Ne5 26. Qg2 Nxc6 27. bxc6 Rxe3 28. fxe3 Qe8 29. Qf3 Re7 30. Kf2 Re6 31. Ke2 Rxc6 32. Nd4 Rd6 33. Qg4 Rg6 1/2-1/2

[Event "Berlin op 09"]
[Site "Berlin"]
[Date "2005.10.24"]
[Round "7"]
[White "Zoellner, Rainer"]
[Black "Albrecht, Rainer"]
[Result "1/2-1/2"]
[WhiteElo "1786"]
[BlackElo "2131"]
[PlyCount "48"]
[EventDate "2005.09.05"]
[EventType "swiss"]
[EventRounds "7"]
[EventCountry "GER"]
[SourceTitle "EXT 2007"]
[Source "ChessBase"]
[SourceDate "2006.11.23"]
[SourceVersion "1"]
[SourceVersionDate "2006.11.23"]
[SourceQuality "1"]

1. e4 e6 2. d4 d5 3. e5 c5 4. c3 Ne7 5. Nf3 Nec6 6. a3 a5 7. Bd3 b6 8. Bg5 Be7 9. Bxe7 Qxe7 10. 0-0 Ba6 11. Re1 Bxd3 12. Qxd3 c4 13. Qe3 b5 14. Nbd2 Nd7 15. Nf1 a4 16. Ng3 0-0-0 17. Re2 Rde8 18. Rae1 Nd8 19. Nh5 f5 20. exf6 gxf6 21. Nf4 Qd6 22. g3 Re7 23. Qd2 Rhe8 24. Re3 Nf8 1/2-1/2

[Event "Berlin op 10"]
[Site "Berlin"]
[Date "2005.10.20"]
[Round "2"]
[White "Zoellner, Rainer"]
[Black "Prix, Siegfried"]
[Result "1-0"]
[WhiteElo "1840"]
[BlackElo "1591"]
[PlyCount "67"]
[EventDate "2005.10.13"]
[EventType "swiss"]
[EventRounds "7"]
[EventCountry "GER"]
[SourceTitle "EXT 2007"]
[Source "ChessBase"]
[SourceDate "2006.11.23"]
[SourceVersion "1"]
[SourceVersionDate "2006.11.23"]
[SourceQuality "1"]

1. e4 e5 2. f4 exf4 3. Nf3 d5 4. exd5 Nf6 5. Bb5+ c6 6. dxc6 Nxc6 7. d4 Qa5+ 8. Nc3 a6 9. Bxc6+ bxc6 10. 0-0 Be6 11. Bxf4 Rd8 12. Ng5 Rxd4 13. Qf3 Nd5 14. Nxe6 fxe6 15. Qh5+ Kd7 16. Qf7+ Kc8 17. Qxe6+ Kb7 18. Qd7+ Nc7 19. Bxc7 Rxd7 20. Bxa5 Bc5+ 21. Kh1 Re8 22. Rad1 Bd4 23. Na4 Rd5 24. b4 Re2 25. c3 Bf6 26. Rxd5 cxd5 27. Nc5+ Kc6 28. a4 Bxc3 29. Nxa6 Kb7 30. Nc5+ Kc6 31. Nd3 Kd6 32. Bb6 d4 33. Bc5+ Kd5 34. Nf4+ 1-0

[Event "Berlin op 09"]
[Site "Berlin"]
[Date "2005.10.10"]
[Round "5"]
[White "Rohrbach, Stephan"]
[Black "Zoellner, Rainer"]
[Result "1/2-1/2"]
[WhiteElo "1879"]
[BlackElo "1786"]
[PlyCount "49"]
[EventDate "2005.09.05"]
[EventType "swiss"]
[EventRounds "7"]
[EventCountry "GER"]
[SourceTitle "EXT 2007"]
[Source "ChessBase"]
[SourceDate "2006.11.23"]
[SourceVersion "1"]
[SourceVersionDate "2006.11.23"]
[SourceQuality "1"]

1. f4 e6 2. Nf3 c5 3. e3 b6 4. Be2 Bb7 5. 0-0 Nf6 6. d3 d5 7. Qe1 Nc6 8. c3 Qc7 9. d4 Bd6 10. Ne5 Ne4 11. Nd2 Nxd2 12. Bxd2 f6 13. Nxc6 Bxc6 14. Qh4 0-0-0 15. b4 c4 16. a4 Be8 17. Be1 Bg6 18. Qh3 Qe7 19. Bf3 Bd3 20. Rf2 a6 21. Rd2 Kb8 22. g3 Rhg8 23. Rxd3 cxd3 24. Qxh7 g6 25. Qxe7 1/2-1/2

[Event "Berlin Unicorn op"]
[Site "Berlin"]
[Date "2005.05.06"]
[Round "4"]
[White "Wiezer, Siegfried"]
[Black "Zoellner, Rainer"]
[Result "1-0"]
[WhiteElo "2143"]
[BlackElo "1882"]
[PlyCount "37"]
[EventDate "2005.05.04"]
[EventType "swiss"]
[EventRounds "7"]
[EventCountry "GER"]
[SourceTitle "CBM 106 Extra"]
[Source "ChessBase"]
[SourceDate "2005.07.01"]
[SourceVersion "1"]
[SourceVersionDate "2005.07.01"]
[SourceQuality "1"]

1. d4 e6 2. Nf3 Nf6 3. Bg5 Be7 4. Nbd2 d5 5. e3 Nbd7 6. Bd3 h6 7. Bf4 0-0 8. a3 c5 9. c3 b6 10. g4 Nh7 11. h4 Re8 12. g5 Bf8 13. Rg1 Kh8 14. Ne5 Nxe5 15. dxe5 g6 16. h5 hxg5 17. hxg6 gxf4 18. g7+ Bxg7 19. Qh5 1-0

[Event "Berlin op 03"]
[Site "Berlin"]
[Date "2005.03.29"]
[Round "4"]
[White "Zoellner, Rainer"]
[Black "Ulziibat, Bat Ochir"]
[Result "0-1"]
[WhiteElo "1668"]
[BlackElo "1915"]
[PlyCount "146"]
[EventDate "2005.03.25"]
[EventType "swiss"]
[EventRounds "9"]
[EventCountry "GER"]
[SourceTitle "EXT 2007"]
[Source "ChessBase"]
[SourceDate "2006.11.23"]
[SourceVersion "1"]
[SourceVersionDate "2006.11.23"]
[SourceQuality "1"]

1. e4 c5 2. Nc3 Nc6 3. f4 Nf6 4. Nf3 d5 5. e5 d4 6. exf6 dxc3 7. fxg7 cxd2+ 8. Qxd2 Qxd2+ 9. Bxd2 Bxg7 10. 0-0-0 Bg4 11. Be2 0-0-0 12. h3 Bxf3 13. Bxf3 Nd4 14. Bh5 Rhf8 15. Rhe1 e6 16. Be3 Rd5 17. g4 Rfd8 18. g5 f6 19. Bxd4 cxd4 20. Rxe6 fxg5 21. Re7 Bf6 22. Rf7 R8d6 23. Bg4+ Kb8 24. f5 h5 25. Bxh5 Rxf5 26. Re1 a5 27. Bg4 Rf2 28. Re2 Rf1+ 29. Kd2 d3 30. Ree7 Rf2+ 31. Ke1 Bxe7 32. Rxf2 Rd4 33. cxd3 Rxd3 34. Ke2 Rd4 35. Rf5 Bb4 36. a3 Bd2 37. Rb5 Kc7 38. b3 b6 39. a4 Bf4 40. Kf3 Bd6 41. Ke2 Bc5 42. Kf3 Kd6 43. Ke2 Rf4 44. Bc8 Kd5 45. Bd7 Rf2+ 46. Kd3 Rf3+ 47. Ke2 Re3+ 48. Kd2 Kd4 49. Bg4 Rg3 50. Ke2 Re3+ 51. Kd2 Bb4+ 52. Kc2 Rc3+ 53. Kb2 Rg3 54. Rxb6 Rg2+ 55. Kc1 Kc3 56. Kd1 Kxb3 57. Rg6 Kb2 58. Re6 Kb3 59. Bf5 Kxa4 60. Re2 Rg3 61. Kc2 Ka3 62. Be6 a4 63. Kb1 Bc3 64. Kc2 Bb2 65. Rd2 Rc3+ 66. Kd1 Rc1+ 67. Ke2 Bc3 68. Ra2+ Kb4 69. Kd3 Rd1+ 70. Ke4 Re1+ 71. Kf5 a3 72. Kxg5 Rxe6 73. Kf5 Re5+ 0-1

[Event "Berlin Lichtenberger Sommer 3th"]
[Site "Berlin"]
[Date "2004.08.23"]
[Round "9.45"]
[White "Zoellner, Rainer"]
[Black "Schoene, Matthias"]
[Result "1-0"]
[WhiteElo "1769"]
[BlackElo "1923"]
[PlyCount "95"]
[EventDate "2004.08.14"]
[EventType "swiss"]
[EventRounds "9"]
[EventCountry "GER"]
[SourceTitle "EXT 2022"]
[Source "ChessBase"]
[SourceDate "2021.10.06"]
[SourceVersion "1"]
[SourceVersionDate "2021.10.06"]
[SourceQuality "1"]

1. e4 e6 2. d4 d5 3. e5 c5 4. c3 Nc6 5. Nf3 Qb6 6. a3 Bd7 7. Be2 cxd4 8. cxd4 Nge7 9. b4 Rc8 10. 0-0 Nf5 11. Bb2 Na5 12. Nbd2 Nc4 13. Nxc4 dxc4 14. Rc1 Qa6 15. Nd2 b5 16. Ne4 Bc6 17. Qc2 Qb7 18. Bf3 Nh4 19. Qe2 Bd5 20. Rc3 Be7 21. Bc1 0-0 22. Kh1 Nf5 23. Rd1 Rfd8 24. Nc5 Bxf3 25. gxf3 Qd5 26. Be3 a5 27. Rcc1 axb4 28. axb4 Bxc5 29. bxc5 Nh4 30. Rg1 Nxf3 31. Rg2 Nh4 32. Rcg1 Ra8 33. f3 Nxg2 34. Qxg2 g6 35. h4 Ra3 36. Qf2 Rda8 37. h5 Ra2 38. Qg3 R8a3 39. hxg6 hxg6 40. Qf4 Qd8 41. Qe4 Qh4+ 42. Qxh4 Rxe3 43. Qf6 Ree2 44. Qh4 c3 45. c6 g5 46. Rxg5+ Kf8 47. Qh8+ Ke7 48. Qf6+ 1-0

[Event "Berlin Lichtenberger Sommer 3th"]
[Site "Berlin"]
[Date "2004.08.21"]
[Round "7.49"]
[White "Zoellner, Rainer"]
[Black "Muuss, Klaus"]
[Result "1-0"]
[WhiteElo "1769"]
[BlackElo "1911"]
[PlyCount "89"]
[EventDate "2004.08.14"]
[EventType "swiss"]
[EventRounds "9"]
[EventCountry "GER"]
[SourceTitle "EXT 2022"]
[Source "ChessBase"]
[SourceDate "2021.10.06"]
[SourceVersion "1"]
[SourceVersionDate "2021.10.06"]
[SourceQuality "1"]

1. e4 c5 2. Nc3 g6 3. f4 Bg7 4. Nf3 d6 5. Bc4 e6 6. f5 Nc6 7. fxe6 fxe6 8. 0-0 a6 9. a4 Ne5 10. Nxe5 dxe5 11. d3 Nf6 12. Qe1 0-0 13. Be3 b6 14. Qh4 Nh5 15. Rxf8+ Qxf8 16. Rf1 Qe8 17. Bb3 h6 18. Nd5 exd5 19. Bxd5+ Be6 20. Bxa8 Qxa8 21. Qe7 Qc8 22. a5 b5 23. Bxc5 Bf6 24. Qd6 Kg7 25. c3 Qe8 26. d4 Bc4 27. Rf3 Qd8 28. Qxa6 exd4 29. Qa7+ Kg8 30. cxd4 b4 31. e5 Bg7 32. Bxb4 Qg5 33. Rc3 Qd2 34. Qa8+ Kh7 35. Rxc4 Qd1+ 36. Kf2 Nf4 37. Qf3 Nd3+ 38. Kg3 Qb1 39. Bc3 Qc2 40. a6 h5 41. a7 Nc1 42. a8Q Ne2+ 43. Kh4 Ng1 44. Qf4 Ne2 45. Qfe4 1-0